| 000 | 00448nam a2200181Ia 4500 | ||
|---|---|---|---|
| 005 | 20250213052528.0 | ||
| 008 | 240331s9999 xx 000 0 und d | ||
| 082 | _bSOC | ||
| 100 | _aAgenda Publication | ||
| 245 | 0 | _aSocialist Revolution | |
| 260 |
_aCalifornia _bAgenda Publishing Co. _c1975 |
||
| 300 | _a144 p., (Volume 5) | ||
| 650 | _aRevolution | ||
| 650 | _aSocialism | ||
| 650 | _aMarxism | ||
| 650 | _aSocialist Feminism | ||
| 942 | _cL | ||
| 999 |
_c4771 _d4771 |
||